000 00904cam a2200253 a 4500
001 1561636
003 ARRUPE
005 20131023140752.0
008 921104s1993 nyua b 000 0 eng
010 _a 92039444
020 _a0824512642 (pbk.)
040 _aDLC
_cDLC
_dDLC
050 0 0 _aBX2350.2
_b.B76 1993
082 0 0 _a248.4/82
_220
100 1 _aBruteau, Beatrice,
_d1930-
_92801
245 1 0 _aRadical optimism :
_brooting ourselves in reality /
_cBeatrice Bruteau.
260 _aNew York :
_bCrossroad,
_c1993.
300 _a139 p. :
_bill. ;
_c21 cm.
504 _aIncludes bibliographical references (p. [137]-139).
650 0 _aSpiritual life
_xCatholic Church.
_92802
906 _a7
_bcbc
_corignew
_d1
_eocip
_f19
_gy-gencatlg
942 _2lcc
_cMONOGRAPH
999 _c118414
_d118414